[Event "It (open)"]
[Site "masterchessopen.com Bar (Yugoslavia)"]
[Date "2005.03.04"]
[Round "1"]
[White "Cecuk Marijo (CRO)"]
[Black "Vratonjic Slobo (SRB)"]
[Result "0-1"]
[WhiteElo "2152"]
[BlackElo "2467"]

1.d4 Nf6 2.Nf3 c5 3.c4 cxd4 4.Nxd4 Nc6 5.Nc3 g6 6.e4 Bg7 7.Be3 Ng4 8.Qxg4 Nxd4
9.Qd1 e5 10.Bd3 O-O 11.O-O b6 12.Qd2 Bb7 13.Bg5 Qc7 14.Bh6 Bxh6 15.Qxh6 Ne6
16.g3 f5 17.Nd5 Bxd5 18.cxd5 Nc5 19.Rac1 Qd6 20.Qe3 f4 21.Qe2 a5 22.f3 h5
23.Kg2 g5 24.Qd2 Rf6 25.h3 Kf7 26.g4 hxg4 27.hxg4 Rh8 28.Be2 Rfh6 29.Rh1 Qg6
30.Rxh6 Qxh6 31.Rg1 Qh2+ 32.Kf1 Rh3 33.Qd1 Rg3 34.Rxg3 fxg3 {#R} 0-1

[Event "Ch Mittelfranken (HT)"]
[Site "masterchessopen.com Forchheim (Germany)"]
[Date "2005.03.22"]
[Round "2"]
[White "Mueller Heinz (GER)"]
[Black "Corral Carlos (GER)"]
[Result "1-0"]
[WhiteElo "2194"]
[BlackElo "1997"]

1.e4 c5 2.Nf3 Nc6 3.d4 cxd4 4.Nxd4 g6 5.c4 Bg7 6.Be3 Nf6 7.Nc3 Ng4 8.Nxc6 Nxe3
9.Nxd8 Nxd1 10.Nxd1 Kxd8 11.Rc1 b6 12.Bd3 d6 13.O-O Bd4 14.Rc2 Be6 15.Nc3 Bxc3
16.Rxc3 Kd7 17.f4 f6 18.Rd1 Bg4 19.Rd2 e5 20.fxe5 fxe5 21.b4 Rac8 22.c5 bxc5
23.bxc5 Be6 24.Bb5+ {#r} 1-0

[Event "Ch European Union"]
[Site "masterchessopen.com Cork (Ireland)"]
[Date "2005.03.24"]
[Round "3"]
[White "Macelligott Gerard (IRL)"]
[Black "Murphy Dara (IRL)"]
[Result "1-0"]
[WhiteElo "2123"]
[BlackElo "1956"]

1.c4 Nf6 2.Nc3 c5 3.Nf3 Nc6 4.d4 cxd4 5.Nxd4 g6 6.e4 Bg7 7.Be3 Ng4 8.Qxg4 Nxd4
9.Qd1 e5 10.Nb5 O-O 11.Qd2 Re8 12.O-O-O a6 13.Nxd4 exd4 14.Bxd4 Rxe4 15.Bxg7
Kxg7 16.f3 Re8 17.h4 b5 18.h5 Qe7 19.hxg6 fxg6 20.cxb5 axb5 21.Qh6+ Kg8
22.Bxb5 Qc5+ 23.Kb1 Re7 24.Qh4 d5 25.Rxd5 Qxd5 26.Bc4 Bf5+ 27.Ka1 Rxa2+
28.Kxa2 Ra7+ 29.Kb3 Rb7+ 30.Kc3 Rc7 31.Qd8+ {#r} 1-0

[Event "Ch France (juniors)"]
[Site "masterchessopen.com Calvi (France)"]
[Round "1"]
[White "Moussard Jules (FRA)"]
[Black "Ton-That Nicolas (FRA)"]
[Result "1-0"]
[WhiteElo "2099"]
[BlackElo "1857"]

1.e4 c5 2.Nf3 Nc6 3.d4 cxd4 4.Nxd4 g6 5.c4 Bg7 6.Be3 Nf6 7.Nc3 Ng4 8.Qxg4 Nxd4
9.Qd1 Ne6 10.Bd3 O-O 11.O-O d6 12.Qd2 Nc5 13.Bc2 Be6 14.b3 Qa5 15.Bd4 Rac8
16.Rab1 Qb4 17.Rfd1 Rfd8 18.Nd5 Qxd2 19.Nxe7+ Kf8 20.Bxg7+ Kxe7 21.Rxd2 f6
22.Bh6 g5 23.f4 Rg8 24.fxg5 fxg5 25.e5 {#r} 1-0

[Event "Ch Vietnam (juniors) (under 09)"]
[Site "masterchessopen.com Ho Chi Minh City (Vietnam)"]
[Round "5"]
[White "Che Quoc Huu (VIE)"]
[Black "Nguyen Huynh Trong Hai (VIE)"]
[Result "1-0"]
[WhiteElo "1958"]
[BlackElo "1887"]

1.e4 c5 2.Nf3 Nc6 3.d4 cxd4 4.Nxd4 g6 5.c4 Bg7 6.Be3 Nf6 7.Nc3 Ng4 8.Qxg4 Nxd4
9.Qd1 Ne6 10.Qd2 d6 11.Be2 b6 12.O-O O-O 13.Rae1 Bb7 14.f4 Bxc3 15.Qxc3 Bxe4
16.Bc1 Qc7 17.Bf3 Bxf3 18.Rxf3 Nc5 19.f5 Rae8 20.Bh6 f6 21.Bxf8 Rxf8 22.b4 Nb7
23.Rg3 Kf7 24.fxg6+ hxg6 25.Qd3 g5 26.Qh7+ Ke8 27.Rge3 Rf7 28.Qg8+ Rf8 29.Qg6+
Rf7 30.Rh3 Kd7 {#r} 1-0

[Event "Ch Southern California"]
[Site "masterchessopen.com Century City (USA)"]
[Date "2005.07.09"]
[Round "1"]
[White "Clawitter Craig (USA)"]
[Black "Khachiyan Melikset (USA)"]
[Result "0-1"]
[WhiteElo "2140"]
[BlackElo "2498"]

1.e4 c5 2.Nf3 Nc6 3.d4 cxd4 4.Nxd4 g6 5.c4 Bg7 6.Be3 Nf6 7.Nc3 Ng4 8.Qxg4 Nxd4
9.Qd1 Ne6 10.Qd2 Qa5 11.Be2 Bxc3 12.bxc3 d6 13.O-O Bd7 14.f4 Bc6 15.f5 Nc5
16.Qd4 f6 17.fxg6 hxg6 18.Rxf6 exf6 19.Qxf6 Rf8 20.Qxg6+ Kd8 21.Qxd6+ Nd7
22.Rd1 Rg8 23.Qe6 Re8 24.Qf6+ Kc8 25.Bg4 Qe5 26.Qf7 Re7 27.Qf8+ Kc7 28.Qxa8
Qxe4 29.Bf4+ Qxf4 30.Qg8 Rf7 31.h3 Qf2+ {#R} 0-1

[Event "It (open) (a)"]
[Site "masterchessopen.com Pardubice (Czech Republic)"]
[Date "2005.07.28"]
[Round "7"]
[White "Savchenko Boris (RUS)"]
[Black "Szoen Dariusz (POL)"]
[Result "1-0"]
[WhiteElo "2543"]
[BlackElo "2450"]

{ } 1.c4 g6 2.Nf3 Bg7 3.e4 c5 4.d4 cxd4 5.Nxd4 Nc6 6.Be3 Nf6 7.Nc3 Ng4 8.Qxg4
Nxd4 9.Qd1 Ne6 10.Qd2 Qa5 11.Rc1 b6 12.Be2 Bb7 13.f3 { ?/= } 13...h6 { N } (
13...g5 14.O-O d6 ( 14...Be5 15.Rfd1 Rd8 16.Nd5 Qxd2 17.Rxd2 Rc8 18.b4 f6
19.Bf1 Kf7 20.a4 h5 21.Rcd1 d6 22.Ra2 Ba6 23.Rc1 Nd4 24.a5 Bb7 25.axb6 Bxd5
26.exd5 axb6 27.Rd1 Nf5 28.Bxb6 Rb8 29.Ra6 g4 30.Be2 g3 31.hxg3 Nxg3 32.Kf2 h4
33.b5 { ...1/2-1/2, Barbeau Sylvain 2395 - Garcia Gildardo 2444 , Montreal 23.
7.2004 It "Quebec open" } ) 15.Rfd1 h5 16.Rc2 h4 17.a3 Kf8 18.Qc1 Bxc3 19.Rxc3
Qe5 20.Qd2 Kg8 21.Rf1 f6 22.Rf2 Kg7 23.Bd1 Rac8 24.Bc2 Rc7 25.Bd3 Nf4 26.Bf1
Ne6 27.Rc1 Kf7 28.Bd3 Nc5 29.Rc3 Nxd3 30.Qxd3 h3 31.g3 g4 32.Bd4 Qe6 33.Qe2 {
...0-1, Agrest Evgenij 2574 - Palo Davor 2484 , Halkidiki 2002 Cup European
Club (final) } ) ( 13...h5 14.b3 ( 14.O-O g5 15.Rfd1 d6 16.b3 Qe5 17.Nd5 h4
18.Qc3 Qxc3 19.Nxc3 Be5 20.h3 Bf4 21.Bxf4 Nxf4 22.Bf1 Ng6 23.Nb5 O-O 24.Nc7
Rac8 25.Nd5 Rfd8 26.Rc2 Kf8 27.Rcd2 Ne5 28.Kf2 Bxd5 29.Rxd5 f6 30.Ke3 Ng6
31.R5d2 Rc7 32.Kf2 Kf7 33.Ke3 { ...0-1, Palao Maricela 2128 - Schuurman Petra
2333 , Calvia 28.10.2004 Olympiad (w) } ) 14...h4 15.Nd5 Qxd2+ 16.Kxd2 Bh6
17.Rhd1 Bxe3+ 18.Kxe3 g5 19.b4 d6 20.c5 bxc5 21.bxc5 dxc5 22.Nc3 Bc6 23.Bc4
Nd4 24.Ne2 e5 25.Ba6 Ba4 26.Rd2 Rh6 27.Bb7 Rb8 28.Bd5 Rc8 29.Nc3 Bd7 30.Bc4
Bc6 31.h3 Rd6 32.Rb2 Ke7 33.Nd1 { ...1/2-1/2, Kramnik Vladimir 2725 -
Ljubojevic Ljubomir 2580 , Monte Carlo 1994 It (active) } ) ( 13...f5 14.exf5
gxf5 15.O-O Rg8 16.Rfd1 d6 ( 16...Bc6 17.Rc2 f4 18.Bf2 Qh5 19.Nd5 Be5 20.Kh1
Rg6 21.Bf1 Kf7 22.Re1 Rag8 23.Re4 Bd6 24.Rc1 Ng5 25.Rxf4+ Bxf4 26.Qxf4+ Ke8
27.Qb8+ Kf7 28.Qf4+ { 1/2-1/2, Gubarev Vsevolod 2199 - Zacurdjaev Dmitry 2242
, Dagomys 4.2004 Ch Russia (juniors) (under 16) } ) 17.a3 f4 18.Bxf4 Qf5
19.Be3 Be5 20.Nd5 Qh3 21.Bf1 Qxh2+ 22.Kf2 Qh4+ 23.Ke2 Rc8 24.b3 Nc5 25.Bf2 Qh2
26.Qc2 Rg6 27.Re1 Re6 28.Kd1 Qh6 29.Be3 Qh5 30.Bxc5 Rxc5 31.b4 Rc8 32.Qe4 Kf7
33.Bd3 { ...1/2-1/2, Kasparov Garry 2813 - Lanka Zigurds 2455 , Tbilisi 1976
Cup URS } ) ( 13...Rc8 14.O-O g5 15.Rfd1 d6 16.a3 Qe5 17.b4 O-O 18.Nd5 Rfe8
19.Bf1 h6 20.Bf2 Bc6 21.Qe3 Nf4 22.Nc3 Qe6 23.Kh1 Be5 24.g3 Ng6 25.Nd5 Qd7
26.Qe2 e6 27.Ne3 Red8 28.Ng4 Bg7 29.Bd4 Qe7 30.Bg2 Ne5 31.Ne3 Ng6 32.Bxg7 Kxg7
33.Ng4 { ...1/2-1/2, Alekseev Evgeny 2548 - Polaninov Aleksy 2359 , St.
Petersburg 2001 Ch St. Petersburg } ) ( 13...d6 14.b3 g5 15.Nd5 Qxd2+ 16.Kxd2
Kd7 17.h4 h6 18.g3 Rag8 19.Rh3 Be5 20.Rch1 gxh4 21.f4 Bb2 22.g4 Nc5 23.Bxc5
bxc5 24.Rxh4 Bg7 25.Bf3 e6 26.Ne3 a5 27.Rh5 Ke7 28.Ke2 Bc8 29.g5 hxg5 30.Rxg5
Bd4 31.Rxg8 Rxg8 32.Ng4 Bb7 33.Rh4 { ...1/2-1/2, Smeets Jan 2515 - Jobava
Baadur 2614 , Antalya 29. 5.2004 Ch Europe } ) ( 13...Be5 14.O-O g5 15.Rfd1 d6
16.g3 Rg8 17.b3 Bf4 18.Nd5 Qxd2 19.Bxd2 Bxd2 20.Rxd2 h5 21.Kf2 Rc8 22.Ke3 Nc5
23.Bf1 Kf8 24.Bh3 Rd8 25.Rcd1 Bc8 26.Bxc8 Rxc8 27.Nc3 Nb7 28.Nb5 a6 29.Nd4 e6
30.Nc2 Ke7 31.Nb4 a5 32.Nc2 Rgd8 33.Na3 { ...1-0, Harasta Vladimir 2199 -
Certek Pavel 2252 , Slovakia 2002 Ch Slovakia (team) 2001/02 (1 liga) West } )
( 13...Bc6 14.O-O g5 15.b3 Qe5 16.Nd5 Rg8 17.Rcd1 Rd8 18.Nb4 Bb7 19.Nd5 Qb8
20.Qb4 Bxd5 21.exd5 Nf4 22.Rfe1 Be5 23.Bf1 Nh5 24.d6 e6 25.c5 Nf4 26.Qe4 Bc3
27.c6 Qa8 28.c7 Rc8 29.Qxa8 Rxa8 30.Bxf4 Bxe1 31.Rc1 Rc8 32.Ba6 { 1-0, Nemeth
Jozsef 2113 - Juhasz Mark 2195 , Hungary 1999 Ch Hungary (team) 1999/00 (2
liga) } ) 14.O-O g5 15.Rfd1 d6 16.a3 Qe5 17.b4 { +0.15 CAP } 17...Rg8 { N } (
17...O-O 18.Bf1 Rfc8 19.Rc2 Kf8 20.g3 f5 21.Nd5 fxe4 22.fxe4 Re8 23.c5 dxc5
24.bxc5 bxc5 25.Bc4 Rad8 26.Rf1+ Bf6 27.Qd3 Kg7 28.Rcf2 Rf8 29.Rf5 Qb2 30.Rb1
Bxd5 { 1-0, Herrmann Michael 2260 - Von Herman Ulf 2407 , Germany 1989
Regionalliga NordS } ) 18.Kh1 Bh8 { ?! } ( 18...Bc6 { !? } 19.Kg1 Kf8 20.Nd5 {
} ) 19.c5 bxc5 20.bxc5 Rc8 21.cxd6 exd6 22.Nb5 Rxc1 23.Nxd6+ Ke7 24.Qxc1 Ba8
25.Nf5+ Kf6 26.Nxh6 { } {#r} 1-0

[Event "Ch Great Britain"]
[Site "masterchessopen.com Douglas (England)"]
[Date "2005.08.05"]
[Round "5"]
[White "Pert Richard G (ENG)"]
[Black "Ward Christopher (ENG)"]
[Result "0-1"]
[WhiteElo "2429"]
[BlackElo "2475"]

1.e4 c5 2.Nf3 g6 3.d4 cxd4 4.Nxd4 Nc6 5.c4 Bg7 6.Be3 Nf6 7.Nc3 Ng4 8.Qxg4 Nxd4
9.Qd1 e5 10.Bd3 O-O 11.O-O d6 12.Qd2 Be6 13.Rad1 a6 14.b3 Qc7 15.Bb1 b5
16.cxb5 Qxc3 {#R} 0-1

[Event "Memorial L.Rudenko (w)"]
[Site "masterchessopen.com St. Petersburg (Russia)"]
[Date "2005.08.20"]
[Round "1"]
[White "Malysheva Polina (RUS)"]
[Black "Rumiantseva Maria (RUS)"]
[Result "1-0"]
[WhiteElo "2295"]
[BlackElo "2030"]

1.e4 c5 2.Nf3 g6 3.d4 cxd4 4.Nxd4 Bg7 5.c4 Nc6 6.Be3 Nf6 7.Nc3 Ng4 8.Qxg4 Nxd4
9.Qd1 Nc6 10.Qd2 O-O 11.Be2 d6 12.O-O Be6 13.Nd5 Ne5 14.f4 Ng4 15.Bxg4 Bxg4
16.f5 e6 17.f6 exd5 18.fxg7 Re8 19.h3 Bd7 20.Qf2 f5 21.exf5 gxf5 22.cxd5 Qf6
23.Bd4 Qg6 24.Rfe1 Bb5 25.Rxe8+ Rxe8 26.Re1 Bd3 27.Rxe8+ Qxe8 28.Qg3 Qe4
29.Bc3 Qxd5 30.Kh2 Qe6 31.Qxd3 {#r} 1-0

[Event "It (b)"]
[Site "masterchessopen.com Haarlem (Netherlands)"]
[Date "2005.08.29"]
[Round "3"]
[White "Duchene Rene (NED)"]
[Black "Van Nies Pauline (NED)"]
[Result "0-1"]
[WhiteElo "2212"]
[BlackElo "2063"]

1.Nf3 g6 2.c4 Bg7 3.e4 c5 4.d4 cxd4 5.Nxd4 Nc6 6.Be3 Nf6 7.Nc3 Ng4 8.Qxg4 Nxd4
9.Qd1 e5 10.Bd3 O-O 11.O-O d6 12.Qd2 Be6 13.Rad1 a6 14.b3 Qa5 15.Bb1 Qxc3 {#R}
0-1

[Event "Ch Europe (juniors) (under 16) (g)"]
[Site "masterchessopen.com Herceg Novi (Montenegro)"]
[Round "2"]
[White "Leks Hanna (POL)"]
[Black "Stefanova Milena (BUL)"]
[Result "0-1"]
[WhiteElo "2209"]
[BlackElo "2019"]

1.e4 c5 2.Nf3 Nc6 3.d4 cxd4 4.Nxd4 g6 5.c4 Bg7 6.Be3 Nf6 7.Nc3 Ng4 8.Qxg4 Bxd4
9.Bxd4 Nxd4 10.O-O-O e5 11.f4 d6 12.Qg3 f6 13.h4 Be6 14.h5 g5 15.fxg5 fxg5
16.Rxd4 exd4 17.Nb5 O-O 18.Nxd4 Bd7 19.Qxd6 Qf6 20.Qd5+ Kh8 21.Bd3 Bc6 22.Nxc6
bxc6 23.Qc5 Rab8 24.Qa3 Qd4 25.Re1 Rf2 26.Re2 Rxe2 {#R} 0-1

[Event "Ch Europe (juniors) (under 18) (g)"]
[Site "masterchessopen.com Herceg Novi (Montenegro)"]
[Round "6"]
[White "Kovacs Ondina (ROM)"]
[Black "Darbinyan Ani (ARM)"]
[Result "0-1"]
[WhiteElo "1997"]
[BlackElo "2030"]

1.e4 c5 2.Nf3 Nc6 3.d4 cxd4 4.Nxd4 g6 5.c4 Bg7 6.Be3 Nf6 7.Nc3 Ng4 8.Qxg4 Nxd4
9.Qd1 Ne6 10.Qd2 Qa5 11.Rc1 b6 12.Be2 Bb7 13.f3 g5 14.O-O Be5 15.g3 d6 16.Rfd1
h5 17.Rb1 Bxc3 18.bxc3 Bc6 19.Qb2 h4 20.Rd5 Bxd5 21.cxd5 Nc5 22.Qb5+ Kd8 23.c4
Kc7 24.Bd4 f6 25.a3 hxg3 26.hxg3 Rh3 27.Bc3 Rxg3+ 28.Kf2 Nxe4+ 29.fxe4 Qxc3
{#R} 0-1

[Event "Ch Netherlands (w)"]
[Site "masterchessopen.com Leeuwarden (Netherlands)"]
[Date "2005.09.08"]
[Round "4"]
[White "Van Weersel Arlette (NED)"]
[Black "Schuurman Petra (NED)"]
[Result "1-0"]
[WhiteElo "2174"]
[BlackElo "2279"]

1.e4 c5 2.c4 Nc6 3.Ne2 g6 4.d4 cxd4 5.Nxd4 Bg7 6.Be3 Nf6 7.Nc3 Ng4 8.Qxg4 Nxd4
9.Qd1 Ne6 10.Be2 Qa5 11.O-O Bxc3 12.bxc3 Qxc3 13.Qd5 f6 14.c5 Qe5 15.Qc4 g5
16.Bh5+ Kf8 17.Rad1 Kg7 18.Rd5 Qc7 19.h4 h6 20.f4 gxh4 21.f5 Nd8 22.e5 Rg8
23.Qg4+ Kh8 24.Qxh4 Rg5 25.exf6 exf6 26.Bxg5 hxg5 27.Qd4 {#r} 1-0

[Event "Ch Belgium (team) 2005/06"]
[Site "masterchessopen.com Belgium"]
[Date "2005.10.09"]
[Round "1"]
[White "Bauduin Etienne (BEL)"]
[Black "Barbier Wim (BEL)"]
[Result "1-0"]
[WhiteElo "2264"]
[BlackElo "2218"]

1.c4 c5 2.Nf3 g6 3.d4 cxd4 4.Nxd4 Bg7 5.e4 Nc6 6.Be3 Nf6 7.Nc3 Ng4 8.Qxg4 Nxd4
9.Qd1 Ne6 10.Rc1 Qa5 11.a3 b6 12.Bd3 Bb7 13.O-O Rc8 14.f4 Bd4 15.Bxd4 Nxd4
16.Nd5 Qc5 17.b4 Qd6 18.Bb1 Nc6 19.e5 Qe6 20.Rc3 Nd8 21.f5 gxf5 22.Bxf5 Qh6
23.Nf6+ {#r} 1-0

[Event "Ch Hungary (team) 2005/06"]
[Site "masterchessopen.com Hungary"]
[Date "2005.10.30"]
[Round "2"]
[White "Zakarias David (HUN)"]
[Black "Bors Tamas (HUN)"]
[Result "1-0"]
[WhiteElo "2271"]
[BlackElo "2291"]

1.e4 c5 2.Nf3 g6 3.d4 cxd4 4.Nxd4 Bg7 5.c4 Nc6 6.Be3 Nf6 7.Nc3 Ng4 8.Qxg4 Nxd4
9.Qd1 e5 10.Be2 d6 11.O-O O-O 12.Qd2 a6 13.Rfd1 Be6 14.Bf1 f5 15.exf5 Nxf5
16.Ne4 Nd4 17.Ng5 Bg4 18.Re1 Qf6 19.h3 Bf5 20.Bd3 Rae8 21.Bxd4 exd4 22.Bxf5
Qxf5 23.Nf3 Qc5 24.b3 Bf6 25.Rad1 d5 26.Rxe8 Rxe8 27.Qf4 Kg7 28.Nxd4 Re4
29.Qxe4 {#r} 1-0

[Event "Ch Civil Service (major)"]
[Site "masterchessopen.com London (England)"]
[Round "2"]
[White "Jones H Trevor"]
[Black "Guiney James"]
[Result "0-1"]
[WhiteElo "1688"]
[BlackElo "1624"]

1.e4 c5 2.Nf3 Nc6 3.d4 cxd4 4.Nxd4 g6 5.c4 Bg7 6.Be3 Nf6 7.Nc3 Ng4 8.Qxg4 Nxd4
9.Qd1 Ne6 10.Qd2 O-O 11.g3 d6 12.Bg2 Bd7 13.O-O Bc6 14.b4 a5 15.b5 Bd7 16.Rad1
Rc8 17.f4 Rxc4 18.e5 dxe5 19.Bd5 Rxc3 20.f5 Nd4 21.fxg6 hxg6 22.Bg5 Bxb5
23.Rxf7 Rxf7 24.Bxf7+ Kxf7 25.Qxc3 Ne2+ {#R} 0-1

[Event "Ch Piraeus"]
[Site "masterchessopen.com Piraeus (Greece)"]
[Date "2005.11.26"]
[Round "5"]
[White "Nikoleris Stefanos (GRE)"]
[Black "Kampitsis Vasilios (GRE)"]
[Result "1-0"]
[WhiteElo "2037"]
[BlackElo "2055"]

1.e4 c5 2.Nf3 Nc6 3.d4 cxd4 4.Nxd4 g6 5.c4 Bg7 6.Be3 Nf6 7.Nc3 Ng4 8.Be2 Nxe3
9.fxe3 O-O 10.Qd2 Qa5 11.O-O-O d6 12.Kb1 Ne5 13.Nd5 Qd8 14.h3 Bd7 15.g4 a5
16.Rhg1 Rc8 17.Rc1 Rc5 18.Nb3 b6 19.Nxc5 bxc5 20.Rc3 e6 21.Nf4 Bc6 22.Ra3
Bxe4+ 23.Ka1 Nc6 24.Bd3 Ne5 25.Rc1 Nxd3 26.Nxd3 Qb6 27.Rxa5 Qc7 28.Rb5 Ra8
29.Rc3 Qa7 30.a3 Qxa3+ 31.bxa3 Rxa3+ 32.Kb2 Bxc3+ {#r} 1-0

[Event "It (open)"]
[Site "masterchessopen.com New Delhi (India)"]
[Date "2006.01.15"]
[Round "1"]
[White "Barua Dibyendu (IND)"]
[Black "Debashish Dutta (IND)"]
[Result "1-0"]
[WhiteElo "2471"]
[BlackElo "1971"]

1.e4 c5 2.Nf3 Nc6 3.d4 cxd4 4.Nxd4 g6 5.c4 Bg7 6.Be3 Nf6 7.Nc3 Ng4 8.Qxg4 Nxd4
9.Qd1 Ne6 10.Rc1 O-O 11.Qd2 d6 12.Be2 Nc5 13.f3 b6 14.b4 Ne6 15.h4 Qd7 16.h5
f6 17.hxg6 hxg6 18.f4 Nc7 19.f5 gxf5 20.Bh6 e5 21.exf5 Bxh6 22.Qxh6 Qg7 23.Bf3
Qxh6 24.Rxh6 Rb8 25.Nd5 Na6 26.Rg6+ Kf7 27.Rxf6+ Kg7 28.Rg6+ Kh7 29.g4 Bxf5
30.gxf5 Rxf5 31.Rg3 Rf7 32.Ke2 Kh8 33.Nf6 {#r} 1-0

[Event "It (open)"]
[Site "masterchessopen.com Calvi (France)"]
[Round "2"]
[White "Iordachescu Viorel (MDA)"]
[Black "Massoni Michael (FRA)"]
[Result "1-0"]
[WhiteElo "2564"]
[BlackElo "2055"]

1.e4 c5 2.Nf3 Nc6 3.d4 cxd4 4.Nxd4 g6 5.c4 Bg7 6.Be3 Nf6 7.Nc3 Ng4 8.Qxg4 Nxd4
9.Qd1 e5 10.h4 d6 11.h5 Be6 12.Rc1 Rc8 13.b3 a6 14.Bd3 Qa5 15.Qd2 b5 16.Nd5
Qxd2+ 17.Kxd2 Bxd5 18.cxd5 Kd7 19.Rxc8 Rxc8 20.hxg6 hxg6 21.Rh7 Rg8 22.Kc3 Ke7
23.Kb4 Bf6 24.Ka5 Rb8 25.g4 Kf8 26.g5 Bd8+ 27.Kxa6 Ra8+ 28.Kb7 Rxa2 29.Rh8+
Ke7 30.Bxd4 {#r} 1-0

[Event "It (open)"]
[Site "masterchessopen.com Portsmouth (England)"]
[Date "2006.02.18"]
[Round "2"]
[White "Kobese Watu (RSA)"]
[Black "Atako Chino (ENG)"]
[Result "1-0"]
[WhiteElo "2389"]
[BlackElo "2174"]

1.e4 c5 2.Nf3 Nc6 3.d4 cxd4 4.Nxd4 g6 5.c4 Nf6 6.Nc3 Bg7 7.Be3 Ng4 8.Qxg4 Nxd4
9.Qd1 Ne6 10.Rc1 Qa5 11.Be2 Bxc3+ 12.Rxc3 Qxa2 13.Qd2 Qb1+ 14.Bd1 Qxe4 15.O-O
O-O 16.f4 Ng7 17.Bf3 Qe6 18.Bd5 Qd6 19.c5 Qc7 20.f5 Nxf5 21.Rxf5 e6 22.Bh6
exf5 23.Qd4 {#r} 1-0

[Event "Czech League 2005/06 (2nd) (f)"]
[Site "masterchessopen.com Czech Republic"]
[Date "2006.03.12"]
[Round "9"]
[White "Poloch Petr (CZE)"]
[Black "Bolacky Jiri (CZE)"]
[Result "1-0"]
[WhiteElo "2307"]
[BlackElo "2289"]

1.Nf3 c5 2.c4 g6 3.e4 Bg7 4.d4 cxd4 5.Nxd4 Nc6 6.Be3 Nf6 7.Nc3 Ng4 8.Qxg4 Nxd4
9.Qd1 Ne6 10.Rc1 d6 11.Be2 Qa5 12.O-O O-O 13.Qd2 Re8 14.a3 Rb8 15.f4 a6 16.b4
Qxa3 17.Nd5 Bd7 18.f5 Nd8 19.f6 exf6 20.Ra1 Qxa1 21.Rxa1 f5 22.Rc1 fxe4 23.Nc7
Re7 24.Qxd6 Nc6 25.Nd5 Re6 26.Qxd7 {#r} 1-0

[Event "Ch Russia (juniors) (under 18)"]
[Site "masterchessopen.com Dagomys (Russia)"]
[Round "7"]
[White "Ponkratov Pavel (RUS)"]
[Black "Rakhmanov Aleksandr (RUS)"]
[Result "0-1"]
[WhiteElo "2422"]
[BlackElo "2488"]

1.e4 c5 2.Nf3 g6 3.d4 cxd4 4.Nxd4 Bg7 5.c4 Nc6 6.Be3 Nf6 7.Nc3 Ng4 8.Qxg4 Nxd4
9.Qd1 Ne6 10.Rc1 Qa5 11.Be2 b6 12.O-O Bb7 13.Bd2 Qc5 14.Nd5 Qd4 15.b4 Rc8
16.Re1 h5 17.Bf1 h4 18.Re3 f5 19.exf5 gxf5 20.Qe1 b5 21.Bc3 Qg4 22.f3 Qg5
23.Kh1 bxc4 24.Bxg7 Qxg7 25.Re5 Rg8 26.h3 Bxd5 27.Rxd5 Nf4 28.Rd2 Qf6 29.Rxc4
Rxc4 30.Bxc4 e6 {#R} 0-1

[Event "It \"]
[Site "masterchessopen.com Werther (Germany)"]
[Date "2006.04.07"]
[Round "2"]
[White "Brosig Boris (GER)"]
[Black "Grosselohmann Gerhard (GER)"]
[Result "0-1"]
[WhiteElo "2185"]
[BlackElo "2134"]

1.e4 c5 2.Nf3 Nc6 3.d4 cxd4 4.Nxd4 g6 5.c4 Bg7 6.Be3 Nf6 7.Nc3 Ng4 8.Qxg4 Nxd4
9.Qd1 Nc6 10.Be2 Bxc3+ 11.bxc3 Qa5 12.Qc2 d6 13.Rb1 b6 14.Rb5 Qa6 15.c5 dxc5
16.Rxc5 Qb7 17.Rb5 Bd7 18.h4 Qc7 19.h5 Rg8 20.f4 O-O-O 21.h6 Nd4 22.Bxd4 Bxb5
23.Bg4+ Kb7 24.Qd2 g5 25.Bf5 f6 26.Bxh7 Rh8 27.Bf5 e5 28.Qb2 exd4 29.Qxb5
Qxc3+ 30.Ke2 d3+ 31.Kf2 Qd2+ {#R} 0-1

[Event "It (open)"]
[Site "masterchessopen.com Znojmo (Czech Republic)"]
[Date "2006.05.14"]
[Round "1"]
[White "Nemcova Katerina (CZE)"]
[Black "Maliszewski Jaroslaw (POL)"]
[Result "1-0"]
[WhiteElo "2139"]
[BlackElo "1926"]

1.e4 c5 2.Nf3 Nc6 3.d4 cxd4 4.Nxd4 g6 5.c4 Bg7 6.Be3 Nf6 7.Nc3 Ng4 8.Qxg4 Nxd4
9.Qd1 Nc6 10.Qd2 h5 11.Be2 d6 12.O-O Be6 13.h3 Qa5 14.Rac1 f6 15.f4 Bh6 16.a3
Qc7 17.b4 b6 18.Kh1 O-O-O 19.Nd5 Qb7 20.a4 Rdg8 21.c5 bxc5 22.bxc5 Kd7 23.cxd6
Bxd5 24.exd5 {#r} 1-0

[Event "It (open) (a)"]
[Site "masterchessopen.com Voronezh (Russia)"]
[Date "2006.06.15"]
[Round "4"]
[White "Obukhov Alexander (RUS)"]
[Black "Chuprikov Dmitry (RUS)"]
[Result "1-0"]
[WhiteElo "2488"]
[BlackElo "2373"]

1.c4 c5 2.Nf3 g6 3.d4 cxd4 4.Nxd4 Bg7 5.e4 Nc6 6.Be3 Nf6 7.Nc3 Ng4 8.Qxg4 Nxd4
9.Qd1 Ne6 10.Qd2 Qa5 11.Rc1 b6 12.Be2 Bb7 13.f3 d6 14.O-O Bf6 15.Rc2 Rc8
16.Rd1 h6 17.a3 O-O 18.Qc1 Qe5 19.Nd5 Bxd5 20.Rxd5 {#r} 1-0

[Event "It (open) (seniors)"]
[Site "masterchessopen.com Rowy (Poland)"]
[Date "2006.06.20"]
[Round "2"]
[White "Bade Uwe (GER)"]
[Black "Kohl Kurt (GER)"]
[Result "1-0"]
[WhiteElo "2227"]
[BlackElo "1965"]

1.e4 c5 2.Nf3 Nc6 3.d4 cxd4 4.Nxd4 g6 5.c4 Bg7 6.Be3 Nf6 7.Nc3 Ng4 8.Qxg4 Nxd4
9.Qd1 Ne6 10.Be2 d6 11.O-O O-O 12.f4 Bd7 13.Qd2 Bc6 14.Bf3 a6 15.Rad1 Nc7
16.Bb6 Qc8 17.Rc1 Ne6 18.Nd5 Qd7 19.Bg4 f5 20.exf5 gxf5 21.Bf3 Rac8 22.Rfe1
Kh8 23.Qe3 Bxd5 24.Bxd5 Nc7 25.Bxb7 Rb8 26.Bf3 e5 27.fxe5 Bxe5 28.Rcd1 Qg7
29.c5 Nb5 30.cxd6 Rxb6 31.Qxb6 Bd4+ 32.Rxd4 Nxd4 33.Bd5 f4 34.Re7 Qf6 35.Ra7
{#r} 1-0

[Event "It (open) \"]
[Site "masterchessopen.com St.Petersburg (Russia)"]
[Date "2006.06.30"]
[Round "8"]
[White "Barhudarian Rafael (RUS)"]
[Black "Akatova Ekaterina (RUS)"]
[Result "1-0"]
[WhiteElo "2259"]
[BlackElo "2210"]

1.e4 c5 2.Nf3 Nc6 3.d4 cxd4 4.Nxd4 g6 5.c4 Bg7 6.Be3 Nf6 7.Nc3 Ng4 8.Qxg4 Nxd4
9.Qd1 Ne6 10.Rc1 b6 11.Bd3 Bb7 12.O-O O-O 13.b4 f5 14.exf5 gxf5 15.Nd5 Qe8
16.Qc2 Be5 17.f4 Bd6 18.Bxf5 Qh5 19.Be4 Rae8 20.Rf3 Bxd5 21.Bxd5 Rf6 22.Rh3
Qf7 23.Bd4 Bxf4 24.Bxf6 exf6 25.Rf1 Be5 26.Qf5 Qg7 27.Qh5 Re7 28.Rh4 Kh8
29.Rg4 Qf8 30.Qxe5 {#r} 1-0

[Event "Ch Sweden (juniors)"]
[Site "masterchessopen.com Gothenburg (Sweden)"]
[Date "2006.07.03"]
[Round "3"]
[White "Zadruzny Nikolaj (SWE)"]
[Black "Heden Gustav (SWE)"]
[Result "1-0"]
[WhiteElo "2203"]
[BlackElo "2030"]

1.e4 c5 2.Nf3 Nc6 3.d4 cxd4 4.Nxd4 g6 5.c4 Bg7 6.Be3 Nf6 7.Nc3 Ng4 8.Qxg4 Nxd4
9.Qd1 Ne6 10.Rc1 Qa5 11.Qd2 b6 12.Be2 Bb7 13.f3 g5 14.O-O h5 15.a3 Rc8 16.Rc2
Qe5 17.b4 h4 18.Rd1 d6 19.Nd5 h3 20.g4 Rg8 21.Bf2 Nf4 22.Nxf4 gxf4 23.Qd3 Bh8
24.c5 bxc5 25.bxc5 Rxg4+ 26.fxg4 Bxe4 27.Qa6 Rc7 28.Qb5+ Bc6 29.cxd6 Bxb5
30.dxc7 {#r} 1-0